00329nam a2200121Ia 4500008004100000020001800041041000800059082001700067100001600084245003500100260005600135300001600191260101s1992 xx 000 0 und d a9788171373407 aeng a823.912bBON aBond Ruskin aRuskin Bond, The Blue Umbrella bRupa Publication, Pvt . Ltd. New Delhi-110002c1992 aP-83b18*11